000
00349nam a22001217a 4500
040
_c
HS
082
_a
581
100
_a
ហ៊ីង ធីតា
245
_a
Plant physiology :សរីរះវិទ្យានៃកោសិការុក្ខជាតិ
260
_a
RUA
_b
ហ៊ីង ធីតា
_c
2008
300
_a
44p;
942
_c
KB
999
_c
10268
_d
10268